| 000 -LEADER |
| fixed length control field |
01484pab a2200169 454500 |
| 008 - FIXED-LENGTH DATA ELEMENTS--GENERAL INFORMATION |
| fixed length control field |
180718b2002 xxu||||| |||| 00| 0 eng d |
| 100 ## - MAIN ENTRY--PERSONAL NAME |
| Personal name |
Goodie, Jo |
| 245 ## - TITLE STATEMENT |
| Title |
Calculating `public interest': common law and the legal governance of the environment |
| 260 ## - PUBLICATION, DISTRIBUTION, ETC. |
| Date of publication, distribution, etc. |
2002 |
| 300 ## - PHYSICAL DESCRIPTION |
| Extent |
p.37-60. |
| 362 ## - DATES OF PUBLICATION AND/OR SEQUENTIAL DESIGNATION |
| Dates of publication and/or sequential designation |
Mar |
| 520 ## - SUMMARY, ETC. |
| Summary, etc. |
Drawing inspiration from O'Malley's very recent attempt to introduce greater subtlety into governmentality thinking about the operation of the common law of contract (O'Malley, 2000), this article seeks to explore some of the nuances of the common law's way of calculating interests. O'Malley argues that the law of contract developed in a more pragmatic fashion than an understanding of law within liberal economic theory allows. He says that contract law developed on the basis of the force of uncertainty and practical experience, as much as it did on the basis of the abstract and quantifiable calculations of the rational risk manager - a pragmatic and situational' form of calculation rather than an rational, abstract one (O'Malley, 2000: 477-8). We argue, using mainly Australian examples concerned with the legal governance of the environment, that non-pecuniary public interests are also subject to this type of `pragmatic and situated' calculation within the common law, one we refer to as `rhetorical'. - Reproduced. |
| 650 ## - SUBJECT ADDED ENTRY--TOPICAL TERM |
| Topical term or geographic name entry element |
Environmental legislation |
| 700 ## - ADDED ENTRY--PERSONAL NAME |
| Personal name |
Wickham, Gary |
| 773 ## - HOST ITEM ENTRY |
| Main entry heading |
Social and Legal Studies |
| 909 ## - |
| -- |
52126 |